Vznik dočasnej pracovnej neschopnosti v ochrannej lehote

Ak skončí pracovný pomer zamestnanca, zanikne mu aj účasť na nemocenskom poistení. Po skončení pracovnoprávneho vzťahu trvá "ochranný" časový úsek, v ktorom bývalému zamestnancovi, ak ochorie po skončení pracovného pomeru, môže vzniknúť nárok na nemocenskú dávku. Zákon o sociálnom poistení označuje...

Descripción completa

Guardado en:
Detalles Bibliográficos
Autor principal: Matlovičová, Iveta
Formato: Capítulo de libro
Lenguaje:eslovaco
Materias:
Etiquetas: Agregar Etiqueta
Sin Etiquetas, Sea el primero en etiquetar este registro!

MARC

LEADER 00000naa a2200000 4500
001 0302860
005 20240628100308.6
041 0 |a slo 
044 |a SK 
245 1 0 |a Vznik dočasnej pracovnej neschopnosti v ochrannej lehote  |c Iveta Matlovičová 
520 |a Ak skončí pracovný pomer zamestnanca, zanikne mu aj účasť na nemocenskom poistení. Po skončení pracovnoprávneho vzťahu trvá "ochranný" časový úsek, v ktorom bývalému zamestnancovi, ak ochorie po skončení pracovného pomeru, môže vzniknúť nárok na nemocenskú dávku. Zákon o sociálnom poistení označuje tento časový úsek pojmom ochranná lehota. 
610 2 0 |a pomer pracovný 
610 2 0 |a zamestnanci 
610 2 0 |a skončenie pomeru pracovného 
610 2 0 |a poistenie nemocenské 
610 2 0 |a dávky poistenia nemocenského 
610 2 0 |a vzťahy pracovnoprávne 
610 2 0 |a zákony 
100 1 |a Matlovičová, Iveta